Informatika pre stredné školy

Na minha lista:
Detalhes bibliográficos
Main Authors: Kalaš, Ivan (Author), Baranovič, Roman (Author), Blaho, Andrej (Author), Kubincová, Zuzana (Author), Pardubská, Jana (Author), Salanci, Ľubomír (Author), Winczer, Michal (Author), Zimanová, Ružena (Author)
Formato: Livro
Idioma:eslovaco
Publicado em: Bratislava : Slovenské pedagogické nakladateľstvo, 2002
Edição:2.
Assuntos:
Tags: Adicionar Tag
Sem tags, seja o primeiro a adicionar uma tag!

MARC

LEADER 00000nam a22000003a 4500
001 stu97675
005 20150617225815.1
008 051116s2002----xo------------------slo-d
020 |a 80-08-03443-2 
040 |a STU  |b slo 
041 0 |a slo 
044 |a xo 
080 |a 075.3 
100 1 |a Kalaš, Ivan  |4 aut 
245 1 |a Informatika pre stredné školy 
250 |a 2. 
260 |a Bratislava :  |b Slovenské pedagogické nakladateľstvo,  |c 2002 
300 |a 112 s 
650 7 |a informatika  |2 stusub 
650 7 |a stredné školy  |2 stusub 
700 1 |a Baranovič, Roman  |4 aut 
700 1 |a Blaho, Andrej  |4 aut 
700 1 |a Kubincová, Zuzana  |4 aut 
700 1 |a Pardubská, Jana  |4 aut 
700 1 |a Salanci, Ľubomír  |4 aut 
700 1 |a Winczer, Michal  |4 aut 
700 1 |a Zimanová, Ružena  |4 aut 
996 |b 284I000039  |c I*K5637  |l II680  |s A  |a 24  |w stu97675_0001